000 01320nam a22002297a 4500
005 20240801112726.0
010 _aHIN-128038
020 _c535.00
_a9788123791135
035 _aHN-100384
037 _bDBAD
082 _a
100 _aतोत्जदा, सिसिलिया
_969147
245 _aसिंगापुर की जल-कथा:
_cएक शहरी नगर-राज्य में धारणीय विकास/
_bसिसिलिया तोत्जदा, युगल जोशी तथा असित के. बिस्वास; रजनीश कुमार सिन्हा द्वारा अनुवादित
246 _aThe Singapore Water Story
260 _aनई दिल्ली
_bराष्ट्रीय पुस्तक न्यास
_c2020
270 _aनेहरु भवन, 5 इंस्टिटयूशनल एरिया, फेज-2, वसंत कुंज
_bनई दिल्ली
_e110070
300 _a330पृ.
_c23 सेमी. (अजिल्द)
700 _aजोशी, युगल
_969148
700 _aबिस्वास, असित के.
_969149
700 _aसिन्हा, रजनीश कुमार
_969150
942 _2ddc
_cHN
_h
_mतोत्जदा
999 _c204669
_d204669